000 00718cam a2200253 a 4500
001 000008084
005 20200929154427.0
008 750623s1994 sp 000 f spa d
020 _a8432230189
040 _aDO-SdBNP
_dBNPHU
082 _a863.64
_bM539v, 1994
100 1 _aMendoza, Eduardo,
_d1943-
_921986
245 1 3 _aLa verdad sobre el caso Savolta /
_cEduardo Mendoza.
250 _a18a ed.
260 _aBarcelona :
_bSeix Barral,
_c1994.
300 _a463 p. ;
_c20 cm.
490 0 _aBiblioteca de bolsillo
650 4 _aNovela española
_91123
650 4 _aLiteratura española
_9632
830 0 _aBiblioteca de bolsillo
_95816
910 _aCatalogación derivada
910 _aWM
049 _aBNGR
999 _c7861
_d7861